书目信息 |
| 题名: |
海洋生物趣闻
|
|
| 作者: | 璨兴德 编著 | |
| 分册: | ||
| 出版信息: | 北京 知识出版社 1999.03 |
|
| 页数: | 202页 | |
| 开本: | 32开 | |
| 丛书名: | ||
| 单 册: | ||
| 中图分类: | Q178.53-49 | |
| 科图分类: | ||
| 主题词: | 水生生物学 | |
| 电子资源: | ||
| ISBN: | 7-5015-1846-7 | |
| 000 | 00551nam0 2200193 45 | |
| 001 | 0010231942 | |
| 005 | 20001023190940.1 | |
| 010 | @a7-5015-1846-7@d9.00元 | |
| 100 | @a20001023d1999 km y0chiy0120 ea | |
| 101 | 0 | @achi |
| 105 | @a z 000yy | |
| 200 | 1 | @a海洋生物趣闻@AHai Yang Sheng Wu Qu Wen@f璨兴德编著@FCan Xing De Bian Zhu |
| 210 | @a北京@c知识出版社@d1999.03 | |
| 215 | @a202页@d32开 | |
| 606 | 0 | @a水生生物学 |
| 690 | @aQ178.53-49@v3 | |
| 701 | 0 | @a璨兴德@4编著 |
| 801 | @aCN@bPftUser@c20001023 | |
| 905 | @b184510-514@dQ178.53-49@eZH152@f5 | |
| 海洋生物趣闻/璨兴德编著.-北京:知识出版社,1999.03 |
| 202页;32开 |
| ISBN 7-5015-1846-7:9.00元 |
| ● |
| 相关链接 |
|
|
|
正题名:海洋生物趣闻
索取号:Q178.53-49/ZH152
 
预约/预借
| 序号 | 登录号 | 条形码 | 馆藏地/架位号 | 状态 | 备注 |
| 1 | 184510 | 201845101 | 期刊室512/401自科库 26排2列5层/ [索取号:Q178.53-49/ZH152] | 在馆 | |
| 2 | 184511 | 201845110 | 自科库401/401自科库 26排2列5层/ [索取号:Q178.53-49/ZH152] | 在馆 | |
| 3 | 184512 | 201845129 | 自科库401/401自科库 26排2列5层/ [索取号:Q178.53-49/ZH152] | 在馆 | |
| 4 | 184513 | 201845138 | 期刊室512/401自科库 26排2列5层/ [索取号:Q178.53-49/ZH152] | 在馆 | |
| 5 | 184514 | 201845147 | 期刊室512/401自科库 26排2列5层/ [索取号:Q178.53-49/ZH152] | 在馆 |